Vista normal
Vista MARC
Entrada Materia (corporativa)
Número de registros utilizados en: 1
001 - CONTROL NUMBER
- control field: 167457
003 - CONTROL NUMBER IDENTIFIER
- control field: Co-BoUCM
005 - DATE AND TIME OF LATEST TRANSACTION
- control field: 20211111082024.0
008 - FIXED-LENGTH DATA ELEMENTS
- fixed length control field: 211111|| aca||aabn | a|a d
040 ## - CATALOGING SOURCE
- Original cataloging agency: Co-BoUCM
- Transcribing agency: Co-BoUCM
110 ## - HEADING--CORPORATE NAME
- Corporate name or jurisdiction name as entry element: Colombia.
- Subordinate unit: Ministerio de Gobierno.
- Subordinate unit: Direccción General de Asuntos Indígenas
670 ## - SOURCE DATA FOUND
- Source citation: Work cat.: (Co-BoUCM)69664: Colombia. Ministerio de Gobierno. Direccción General de Asuntos Indígenas, Fuero indígena Colombiano, 1994